La guerra en el mar (hombres, barcos y honra) / (Record no. 107795)

MARC details
000 -LEADER
campo de control de longitud fija 00687nam a2200181 4500
001 - NÚMERO DE CONTROL
campo de control 107795
003 - IDENTIFICADOR DE NÚMERO DE CONTROL
campo de control ES-MaACL
005 - FECHA Y HORA DE LA ÚLTIMA TRANSACCIÓN
campo de control 20230906184507.0
007 - CAMPO FIJO DE DESCRIPCIÓN FÍSICA--INFORMACIÓN GENERAL
campo de control de longitud fija t|
008 - DATOS DE LONGITUD FIJA--INFORMACIÓN GENERAL
campo de control de longitud fija 061121s1959 sp r ||||1| spa d
100 1# - ENTRADA PRINCIPAL--NOMBRE DE PERSONA
Nombre de persona Moreno Fernández, Francisco.
9 (RLIN) 83371
245 13 - MENCIÓN DEL TÍTULO
Título La guerra en el mar (hombres, barcos y honra) /
Mención de responsabilidad, etc. basado en las memorias del Almirante Francisco Moreno; recopiladas por Fernando Moreno Reyna y Salvador Moreno Reyna.
260 ## - PUBLICACIÓN, DISTRIBUCIÓN, ETC.
Lugar de publicación, distribución, etc. Barcelona :
Nombre del editor, distribuidor, etc. A H R,
Fecha de publicación, distribución, etc. 1959.
300 ## - DESCRIPCIÓN FÍSICA
Extensión 328 p. 18 gráf. 6 lám. :
Otras características físicas ` retr. aut.` ;
Dimensiones 18.
700 1# - ENTRADA AGREGADA--NOMBRE PERSONAL
Nombre de persona Moreno de Reyna, Fernando.
9 (RLIN) 83359
700 1# - ENTRADA AGREGADA--NOMBRE PERSONAL
Nombre de persona Moreno de Reyna, Salvador.
9 (RLIN) 83360
852 ## - LOCALIZACIÓN
Ubicación ES-MaACL
Número de control de estantería C-16176
Sublocalización o colección R.44100
Holdings
Estatus retirado Estado de pérdida Estado de daño No para préstamo Biblioteca de origen Biblioteca actual Ubicación en estantería Fecha de adquisición Fuente de adquisición Total de préstamos Signatura topográfica completa Código de barras Visto por última vez Precio de reemplazo Tipo de ítem Koha
        Biblioteca del Ateneo de Madrid Biblioteca del Ateneo de Madrid Ficheros 17/01/2008     C-16176 1112499 23/02/2023 23/02/2023 Libro impreso